Dodanie služieb z daňového a účtovného pohľadu II: predmet dane, vznik daňovej povinnosti a zmeny od roku 2025

Poplatky, ktoré sa môžu považovať za predmet dane. Vznik daňovej povinnosti pri poskytovaní služieb. Povinnosť odviesť DPH pri službách v špecifických prípadoch. Prenesenie daňovej povinnosti na odberateľa pri službách s miestom dodania v tuzemsku. Tlačivá (formuláre) vo väzbe na DPH. Zmeny v zákone...

Descrizione completa

Salvato in:
Dettagli Bibliografici
Autore principale: Cígerová, Nadežda
Natura: Capitolo di libro
Lingua:slovacco
Soggetti:
Tags: Aggiungi Tag
Nessun Tag, puoi essere il primo ad aggiungerne!!

MARC

LEADER 00000naa a2200000 4500
001 0305821
005 20250103104519.5
041 0 |a slo 
044 |a SK 
245 1 0 |a Dodanie služieb z daňového a účtovného pohľadu II: predmet dane, vznik daňovej povinnosti a zmeny od roku 2025  |c Nadežda Cígerová 
520 |a Poplatky, ktoré sa môžu považovať za predmet dane. Vznik daňovej povinnosti pri poskytovaní služieb. Povinnosť odviesť DPH pri službách v špecifických prípadoch. Prenesenie daňovej povinnosti na odberateľa pri službách s miestom dodania v tuzemsku. Tlačivá (formuláre) vo väzbe na DPH. Zmeny v zákone o DPH pre rok 2025. 
610 2 0 |a účtovníctvo daňové 
610 2 0 |a dane z hodnoty pridanej 
610 2 0 |a povinnosť daňová 
610 2 0 |a služby 
610 2 0 |a dodávatelia 
610 2 0 |a odberatelia 
610 2 0 |a zákony 
610 2 0 |a novelizácia 
610 2 0 |a Súdny dvor Európskej únie 
100 1 |a Cígerová, Nadežda